Video Game Weapons - Statistics

General Stats
  • This quiz has been taken 5,097 times
  • The average score is 8 of 24
Answer Stats
Weapon Answer % Correct
Gravity Hammer Halo
79%
Master Sword Zelda
71%
Gravity Gun Half Life
67%
Hidden Blade Assassins Creed
66%
Fat Man Fallout
65%
Blades of Chaos God of War
65%
Keyblade (high five if you get this) Kingdom Hearts
60%
BFG9000 Doom
58%
The Gunblade Final Fantasy
46%
Rivet Gun Bioshock
39%
Boltok Pistol, Gorgon Pistol Gears of War
36%
Rebellion, Arbiter DmC Devil May Cry
23%
Murder of Crows Bioshock Infinite
17%
Incineration Cannon Halo 4
16%
Predator Bow Crysis 3
12%
Blades of Exile God of War 3
12%
Plasma Launcher Halo Reach
11%
Gigawatt Blades InFamous
11%
Chaoseater Darksiders
10%
Armourslayer, Killing Edge Fire Emblem Awakening
9%
The Blade, Tendrils Prototype
8%
El Diablo The Last of Us
6%
AMP InFamous 2
4%
Breechshot Gears of War Judgment
2%
No matching quizzes found
Score Distribution
Percent of People with Each Score
Percentile by Number Answered
Your Score History
You have not taken this quiz